000 00941nam a2200301Ia 4500
003 OSt
005 20221007123945.0
006 a|||||r|||| 00| 0
007 ta
008 221006b |||||||| |||| 00| 0 eng d
020 _a9788181287342 (pbk)
024 _a82721
037 _b202, 11/12/2008, Dhanraj Book House
_cTextbook
040 _aCDL
_cCDL
_beng
041 _2eng
_aeng
082 _aE:218, P2;3 Carc
100 _aDodziuk Helena
245 0 _aIntroduction to supermolecular chemistry
260 _aNew
_bDelhi Springer
_c2002
300 _axii, 350p.
_ccm.
500 _a''Includes bibliographical references''.; ''Index 325-350p''.
650 _a Liquid crystals
650 _a Nanotubes
_9715392
650 _a Nomenclature
_9712723
650 _aChemistry
942 _hE:218, P2;3 Carc
_cTB
_2CC
999 _c1212711
_d1212711